El ordenador como científico: y otros ensayos sobre fantasía y ciencia
Gespeichert in:
| 1. Verfasser: | |
|---|---|
| Format: | Buch |
| Sprache: | Spanisch |
| Veröffentlicht: |
Barcelona
Paidós
1992
|
| Schriftenreihe: | Paidós Studio, 92
|
| Schlagworte: | |
| Tags: |
Tag hinzufügen
Keine Tags, Fügen Sie den ersten Tag hinzu!
|
MARC
| LEADER | 00000nam a2200000 a 4500 | ||
|---|---|---|---|
| 001 | UCO9484 | ||
| 003 | CL-VaPUC | ||
| 008 | 010302e19920000SP |||||||||||||||||spa|d | ||
| 082 | 0 | 4 | |a 501 |b GAR |2 21 |
| 100 | |a Gardner, Martin |e author |9 591378 | ||
| 245 | 1 | 3 | |a El ordenador como científico: y otros ensayos sobre fantasía y ciencia |
| 300 | |a 184 p | ||
| 942 | |c BK | ||
| 945 | |d 20010302 00:00:00 |a cmena | ||
| 260 | |a Barcelona |b Paidós |c 1992 | ||
| 650 | 0 | |a Filosofía de las ciencias |9 256466 | |
| 650 | 7 | |a ENSAYOS CIENTIFICOS |2 CL-VaPUC |9 355365 | |
| 650 | 7 | |a JUEGOS MATEMATICOS |2 CL-VaPUC |9 454674 | |
| 650 | 7 | |a MATEMATICAS RECREATIVAS |2 CL-VaPUC |9 269273 | |
| 583 | |a last modification |c 20010302 00:00:00 |k Rodrigo Vera | ||
| 490 | 0 | |a Paidós Studio, 92 | |
| 999 | |c 293690 |d 293688 | ||
| 952 | |0 0 |1 0 |4 0 |6 501_000000000000000_GAR_1992 |7 0 |8 A |9 345382 |a FDOPOS |b FDOPOS |d 2019-11-20 |i 3689387 |o 501 GAR 1992 |p 3689387 |r 2025-01-22 |w 2019-11-20 |y BK |k MLA | ||
| 952 | |0 0 |1 0 |4 0 |6 501_000000000000000_GAR_1992 |7 0 |8 P |9 345383 |a BIBEDU |b BIBEDU |c BIBEDU_PB |d 2019-11-20 |i 3902307 |o 501 GAR 1992 |p 3902307 |r 2024-01-25 |w 2019-11-20 |y BK |k BME | ||